Văn hóa dân gian - Những công trình của hội viên Q.1 Văn hóa dân gian - Những công trình của hội viên
Tập hợp bài viết của hội viên Chi hội Văn nghệ dân gian tại Trường đại học Văn hoá Tp. Hồ Chí Minh ở nhiều lĩnh vực như ẩm thực, trang phục, tín ngưỡng, lễ hội, phong tục, tri thức dân gian, văn học dân gian, nghệ thuật... của dân tộc Kinh và các dân tộc ít người trên địa bàn Tây Nguyên và Nam bộ...
Salvato in:
| Altri autori: | , , , , |
|---|---|
| Natura: | Libro |
| Lingua: | Vietnamese |
| Pubblicazione: |
H.
Khoa học xã hội
2015
|
| Soggetti: | |
| Tags: |
Aggiungi Tag
Nessun Tag, puoi essere il primo ad aggiungerne! !
|
| Thư viện lưu trữ: | Mạng thư viện Đại học Đà Nẵng |
|---|
| LEADER | 02365aam a22004578a 4500 | ||
|---|---|---|---|
| 001 | 000023719 | ||
| 003 | 20172 | ||
| 005 | 20160115120158.0 | ||
| 008 | 160115s2015 viesd | ||
| 020 | |d 2000b | ||
| 041 | 0 | |a vie | |
| 082 | 0 | 4 | |2 23 |a 390.09597 |b Văn |
| 245 | 0 | 0 | |a Văn hóa dân gian - Những công trình của hội viên |c Lê Công Lý, Phạm Nhân Thành, Dương Hoàng Lộc... |n Q.1 |p Văn hóa dân gian - Những công trình của hội viên |
| 260 | |a H. |b Khoa học xã hội |c 2015 | ||
| 300 | |a 463 tr. |b ảnh, hình vẽ |c 21 cm. | ||
| 500 | |a ĐTTS ghi: Hội Văn nghệ dân gian Việt Nam | ||
| 504 | |a Thư mục trong chính văn | ||
| 520 | |a Tập hợp bài viết của hội viên Chi hội Văn nghệ dân gian tại Trường đại học Văn hoá Tp. Hồ Chí Minh ở nhiều lĩnh vực như ẩm thực, trang phục, tín ngưỡng, lễ hội, phong tục, tri thức dân gian, văn học dân gian, nghệ thuật... của dân tộc Kinh và các dân tộc ít người trên địa bàn Tây Nguyên và Nam bộ | ||
| 650 | 0 | 4 | |2 Bộ TK TVQG |a Văn hóa dân gian |x Nghiên cứu |
| 651 | 7 | |2 Bộ TK TVQG |a Việt Nam | |
| 653 | |a Văn hóa dân gian | ||
| 655 | 7 | |2 Bộ TK TVQG |a Bài viết | |
| 700 | 1 | |a Lê Công Lý | |
| 700 | 1 | |a Phạm Nhân Thành | |
| 700 | 1 | |a Phan Đình Dũng | |
| 700 | 1 | |a Nguyễn Đức Tuấn | |
| 700 | 1 | |a Dương Hoàng Lộc | |
| 773 | |d Khoa học xã hội |d H. |d 2015 |t Văn hoá dân gian - Những công trình của hội viên |w 666775 | ||
| 773 | |d Khoa học xã hội |d H. |d 2015 |t Văn hóa dân gian - Những công trình của hội viên |w 20171 | ||
| OWN | |a LSP | ||
| AVA | |a UDN50 |b LNN |d 390.09597 NG-L |e available |t Error 5001 Not defined in file expand_doc_bib_avail. |f 1 |g 0 |h N |i 0 | ||
| AVA | |a UDN50 |b LSP |d 390.09597 Văn |e available |t Error 5001 Not defined in file expand_doc_bib_avail. |f 1 |g 0 |h N |i 0 |k 1 | ||
| 999 | |a From the UDN01 | ||
| AVA | |a UDN50 |b LNN |d 390.09597 NG-L |e available |t Error 5001 Not defined in file expand_doc_bib_avail. |f 1 |g 0 |h N |i 0 | ||
| AVA | |a UDN50 |b LSP |d 390.09597 Văn |e available |t Error 5001 Not defined in file expand_doc_bib_avail. |f 1 |g 0 |h N |i 0 |k 1 | ||
| TYP | |a Monograph | ||
| TYP | |a Printed language | ||
| 980 | |a Mạng thư viện Đại học Đà Nẵng | ||